UBT Library

Historical selects : (Record no. 40371)

000 -LEADER
fixed length control field 00709cas a2200253 a 4500
001 - CONTROL NUMBER
control field 11829050
005 - DATE AND TIME OF LATEST TRANSACTION
control field 20180116072659.0
008 - FIXED-LENGTH DATA ELEMENTS--GENERAL INFORMATION
fixed length control field 991029u19uuuuuunyu x 0 0eng
010 ## - LIBRARY OF CONGRESS CONTROL NUMBER
LC control number 99124917
035 ## - SYSTEM CONTROL NUMBER
System control number (OCoLC)ocm42731506
040 ## - CATALOGING SOURCE
Original cataloging agency DLC
Language of cataloging eng
Transcribing agency DLC
Modifying agency OCoLC
041 ## - LANGUAGE CODE
Language code of text/sound track or separate title eng
042 ## - AUTHENTICATION CODE
Authentication code pcc
080 ## - UNIVERSAL DECIMAL CLASSIFICATION NUMBER
Universal Decimal Classification number 94 FPG
082 ## - DEWEY DECIMAL CLASSIFICATION NUMBER
Classification number 94 FPG
100 ## - Rafti
Rafti 16
101 ## - Shkurtesa
Shkurtesa HIS
245 00 - TITLE STATEMENT
Title Historical selects :
Statement of responsibility, etc FPG.
310 ## - CURRENT PUBLICATION FREQUENCY
Current publication frequency Irregular
906 ## - LOCAL DATA ELEMENT F, LDF (RLIN)
a 7
b cbc
c serials
d 3
e ncip
f 19
g n-oclcserc
942 ## - ADDED ENTRY ELEMENTS (KOHA)
Source of classification or shelving scheme
Item type Books
Holdings
Withdrawn status Lost status Source of classification or shelving scheme Damaged status Not for loan Collection code Permanent location Current location Shelving location Date acquired Total Checkouts Full call number Barcode Date last seen Price effective from Koha item type
          Koleksioni i përgjithshem UBT - Lipjan UBT - Lipjan Koleksioni i përgjithshem 01/16/2018   94 FPG 002-2995598 01/16/2018 01/16/2018 Books
UBT Library © 2015-2024. All rights reserved University Education for Business and Technology